banner-ar

AN INTRODUCTION TO GRAPHIC DESIGN / (Record no. 17411)

MARC details
000 -الفاتح
حقل البيانات ثابتة الطول 00428nam a2200169Ia 4500
008 - عناصر البيانات ثابتة الطول - معلومات عامة
حقل البيانات ثابتة الطول 140319s9999 xx 000 0 eng d
040 ## - مصدر الفهرسة
وكالة الفهرسة الأصلية GCL /
وكالة النسخ GCL
082 04 - رقم تصنيف ديوى العشرى
رقم التصنيف 741.6
رقم المادة W I
100 1# - المدخل الرئيسى - إسم شخصى
الإسم الشخصى WATER, PETER B.
245 10 - بيان العنوان
العنوان AN INTRODUCTION TO GRAPHIC DESIGN /
بيان المسئوليه,etc WATER, PETER B.
650 04 - المدخل الاضافى بالموضوع-مصطلح موضوعى
مصطلح موضوعي ARTS
650 04 - المدخل الاضافى بالموضوع-مصطلح موضوعى
مصطلح موضوعي DESIGN GRAPHIC
650 04 - المدخل الاضافى بالموضوع-مصطلح موضوعى
مصطلح موضوعي GRAPHIC ARTS
942 ## - عناصر المدخل الإضافي( كوها)
مصدر التصنيف او مخطط الترفيف Dewey Decimal Classification
Koha [default] item type كتاب
260 ## - PUBLICATION, DISTRIBUTION, ETC. (IMPRINT)
-- [S.N] :
-- THE APPLE PRESS
Holdings
حالة التراجع حالة الفقد حالة تلف ليس للاعارة المكان المؤقت الموقع الحالى تاريخ الاكتساب اجمالي اﻻعارات رقم الطلب الباركود تاريخ اخر مشاهدة تاريخ تفعيل السعر نوع وعاء كوها
        مكتبة القاهرة الكبرى مكتبة القاهرة الكبرى 03/26/2014   741.6\W I 31501 03/26/2014 03/26/2014 كتاب

Powered By

EGPV